Outcomes assessment in end-stage kidney disease : (Record no. 138459)
[ view plain ]
| 000 -LEADER | |
|---|---|
| fixed length control field | 01485nam a22003611i 4500 |
| 001 - CONTROL NUMBER | |
| control field | ebr10795305 |
| 003 - CONTROL NUMBER IDENTIFIER | |
| control field | CaPaEBR |
| 006 - FIXED-LENGTH DATA ELEMENTS--ADDITIONAL MATERIAL CHARACTERISTICS--GENERAL INFORMATION | |
| fixed length control field | m o d |
| 007 - PHYSICAL DESCRIPTION FIXED FIELD--GENERAL INFORMATION | |
| fixed length control field | cr cn||||||||| |
| 008 - FIXED-LENGTH DATA ELEMENTS--GENERAL INFORMATION | |
| fixed length control field | 131114t20132013ua ob 000 0 eng d |
| 020 ## - INTERNATIONAL STANDARD BOOK NUMBER | |
| International Standard Book Number | 9781608057351 (e-book) |
| Cancelled/invalid ISBN | 9781608057368 |
| 040 ## - CATALOGING SOURCE | |
| Original cataloging agency | CaPaEBR |
| Language of cataloging | eng |
| Description conventions | rda |
| -- | pn |
| Transcribing agency | CaPaEBR |
| 035 ## - SYSTEM CONTROL NUMBER | |
| System control number | (OCoLC)862612326 |
| 050 14 - LIBRARY OF CONGRESS CALL NUMBER | |
| Classification number | RA776.95 |
| Item number | .O93 2013eb |
| 082 04 - DEWEY DECIMAL CLASSIFICATION NUMBER | |
| Classification number | 617.378 |
| Edition number | 23 |
| 245 00 - TITLE STATEMENT | |
| Title | Outcomes assessment in end-stage kidney disease : |
| Remainder of title | measurements and applications in clinical practice / |
| Statement of responsibility, etc | edited by Paraskevi Theofilou. |
| 264 #1 - PRODUCTION, PUBLICATION, DISTRIBUTION, MANUFACTURE, AND COPYRIGHT NOTICE | |
| Place of production, publication, distribution, manufacture | Sharjah, U.A.E. ; |
| -- | Oak Park, Illinois : |
| Name of producer, publisher, distributor, manufacturer | Bentham Science Publishers, |
| Date of production, publication, distribution, manufacture, or copyright notice | [2013] |
| Date of production, publication, distribution, manufacture, or copyright notice | �2013 |
| 300 ## - PHYSICAL DESCRIPTION | |
| Extent | 1 online resource (258 pages) |
| 336 ## - CONTENT TYPE | |
| Content type term | text |
| Source | rdacontent |
| 337 ## - MEDIA TYPE | |
| Media type term | computer |
| Source | rdamedia |
| 338 ## - CARRIER TYPE | |
| Carrier type term | online resource |
| Source | rdacarrier |
| 504 ## - BIBLIOGRAPHY, ETC. NOTE | |
| Bibliography, etc | Includes bibliographical references. |
| 588 ## - SOURCE OF DESCRIPTION NOTE | |
| Source of description note | Description based on online resource; title from PDF title page (ebrary, viewed December 2, 2013). |
| 590 ## - LOCAL NOTE (RLIN) | |
| Local note | Electronic reproduction. Palo Alto, Calif. : ebrary, 2013. Available via World Wide Web. Access may be limited to ebrary affiliated libraries. |
| 650 #0 - SUBJECT ADDED ENTRY--TOPICAL TERM | |
| Topical term or geographic name as entry element | Kidneys |
| General subdivision | Diseases. |
| Topical term or geographic name as entry element | Self-care, Health. |
| 655 #0 - INDEX TERM--GENRE/FORM | |
| Genre/form data or focus term | Electronic books. |
| 700 1# - ADDED ENTRY--PERSONAL NAME | |
| Personal name | Theofilou, Paraskevi. |
| 797 2# - LOCAL ADDED ENTRY--CORPORATE NAME (RLIN) | |
| Corporate name or jurisdiction name as entry element | ebrary. |
| 856 40 - ELECTRONIC LOCATION AND ACCESS | |
| Uniform Resource Identifier | <a href="http://site.ebrary.com/lib/rucke/Doc?id=10795305">http://site.ebrary.com/lib/rucke/Doc?id=10795305</a> |
| Public note | An electronic book accessible through the World Wide Web; click to view |
No items available.
